000 01095nam a2200313 i 4500
001 000011952
003 DO-SdBNP
005 20260312090254.0
007 ta
008 091102s1983 dr a 000 p spa d
020 _z8489532002
040 _aDO-SdBNP
_bspa
_cBNPHU
_erda
041 _aspa
082 4 _aRD861.44
_bA958v
_222
100 1 _aAvilés Blonda, Máximo,
_d1931-1988
_eautor
_97914
_4aut.
245 1 0 _aVía crucis /
_cMáximo Avilés Blonda ; ilustraciones, Elsa Núñez, Angel Haché.
264 _aSanto Domingo, República Dominicana :
_bEdiciones Tolle, Lege,
_c1983.
300 _a79 páginas :
_bilustraciones ;
_c23 cm.
336 _atexto
_btxt
_2rdacontent
337 _asin mediación
_bn
_2rdamedia
338 _avolumen
_bnc
_2rdacarrier
590 _aInventariado, 2018/LP
650 4 _aPoesía cristiana dominicana
_925446
650 4 _aLiteratura cristiana dominicana
_924596
700 1 _aNúñez, Elsa,
_d1943-
_eilustrador
_914462
_4il.
700 1 2 _aHaché, Angel,
_eilustrador
_914463
_4il.
910 _aValidado. Control de calidad MFF
942 _2ddc
_cLBS1
999 _c11622
_d11622